Don't Say the Same Thing as Me! - Statistics

General Stats
  • This quiz has been taken 697 times
    668 since last reset
  • The average score is 5 of 10
Answer Stats
Name a... X % Correct
US State Kansas
99%
G20 Country Japan
82%
German State Bavaria
53%
South American capital Quito
53%
NATO Country Canada
47%
City with 15,000,000+ people Mumbai
47%
Eurasian island country Iceland
38%
Country that starts with B Bolivia
33%
Eastern Orthodox Country Georgia
31%
UK country Wales
16%
No matching quizzes found
Score Distribution
Percent of People with Each Score
Percentile by Number Answered
Your Score History
You have not taken this quiz since the last reset